Pattern Recognition and Image Analysis Second Iberian Conference, IbPRIA 2005, Estoril, Portugal, June 7-9, 2005, Proceedings, Part II /

IbPRIA 2005 (Iberian Conference on Pattern Recognition and Image Analysis) was the second of a series of conferences jointly organized every two years by the Portuguese and Spanish Associations for Pattern Recognition (APRP, AERFAI), with the support of the International Association for Pattern Reco...

Full description

Bibliographic Details
Corporate Author: SpringerLink (Online service)
Other Authors: Marques, Jorge S. (Editor), Pérez de la Blanca, Nicolás (Editor), Pina, Pedro (Editor)
Format: Electronic eBook
Language:English
Published: Berlin, Heidelberg : Springer Berlin Heidelberg, 2005.
Series:Lecture Notes in Computer Science, 3523
Subjects:
Online Access:Full Text via HEAL-Link
LEADER 03780nam a22005775i 4500
001 978-3-540-32238-2
003 DE-He213
005 20151204165722.0
007 cr nn 008mamaa
008 110111s2005 gw | s |||| 0|eng d
020 |a 9783540322382  |9 978-3-540-32238-2 
024 7 |a 10.1007/b136831  |2 doi 
040 |d GrThAP 
050 4 |a Q337.5 
050 4 |a TK7882.P3 
072 7 |a UYQP  |2 bicssc 
072 7 |a COM016000  |2 bisacsh 
082 0 4 |a 006.4  |2 23 
245 1 0 |a Pattern Recognition and Image Analysis  |h [electronic resource] :  |b Second Iberian Conference, IbPRIA 2005, Estoril, Portugal, June 7-9, 2005, Proceedings, Part II /  |c edited by Jorge S. Marques, Nicolás Pérez de la Blanca, Pedro Pina. 
264 1 |a Berlin, Heidelberg :  |b Springer Berlin Heidelberg,  |c 2005. 
300 |a XXV, 733 p.  |b online resource. 
336 |a text  |b txt  |2 rdacontent 
337 |a computer  |b c  |2 rdamedia 
338 |a online resource  |b cr  |2 rdacarrier 
347 |a text file  |b PDF  |2 rda 
490 1 |a Lecture Notes in Computer Science,  |x 0302-9743 ;  |v 3523 
505 0 |a Statistical Pattern Recognition -- Syntactical Pattern Recognition -- Image Analysis -- Document Analysis -- Bioinformatics -- Medical Imaging -- Biometrics -- Speech Recognition -- Natural Language Analysis -- Applications. 
520 |a IbPRIA 2005 (Iberian Conference on Pattern Recognition and Image Analysis) was the second of a series of conferences jointly organized every two years by the Portuguese and Spanish Associations for Pattern Recognition (APRP, AERFAI), with the support of the International Association for Pattern Recognition (IAPR). This year, IbPRIA was hosted by the Institute for Systems and Robotics and the Geo-systems Center of the Instituto Superior Tecn ´ ico and it was held in Estoril, Por- gal. It provided the opportunity to bring together researchers from all over the world to discuss some of the most recent advances in pattern recognition and all areas of video, image and signal processing. There was a very positive response to the Call for Papers for IbPRIA 2005. We - ceived 292 full papers from 38 countries and 170 were accepted for presentation at the conference. The high quality of the scienti?c program of IbPRIA 2005 was due ?rst to the authors who submitted excellent contributions and second to the dedicated colla- ration of the international Program Committee and the other researchers who reviewed the papers. Each paper was reviewed by two reviewers, in a blind process. We would like to thank all the authors for submitting their contributions and for sharing their - search activities. We are particularly indebted to the Program Committee members and to all the reviewers for their precious evaluations, which permitted us to set up this publication. 
650 0 |a Computer science. 
650 0 |a Artificial intelligence. 
650 0 |a Text processing (Computer science). 
650 0 |a Computer graphics. 
650 0 |a Image processing. 
650 0 |a Pattern recognition. 
650 1 4 |a Computer Science. 
650 2 4 |a Pattern Recognition. 
650 2 4 |a Image Processing and Computer Vision. 
650 2 4 |a Artificial Intelligence (incl. Robotics). 
650 2 4 |a Document Preparation and Text Processing. 
650 2 4 |a Computer Graphics. 
700 1 |a Marques, Jorge S.  |e editor. 
700 1 |a Pérez de la Blanca, Nicolás.  |e editor. 
700 1 |a Pina, Pedro.  |e editor. 
710 2 |a SpringerLink (Online service) 
773 0 |t Springer eBooks 
776 0 8 |i Printed edition:  |z 9783540261544 
830 0 |a Lecture Notes in Computer Science,  |x 0302-9743 ;  |v 3523 
856 4 0 |u http://dx.doi.org/10.1007/b136831  |z Full Text via HEAL-Link 
912 |a ZDB-2-SCS 
912 |a ZDB-2-LNC 
950 |a Computer Science (Springer-11645)